000 00639nam a2200193 i 4500
001 129178
003 ES-MaACL
005 20230906193443.0
007 t|
008 070607s1967 mx ||||1| spa d
245 0 0 _aTeoria general de Keynes
_b: informes de tres décadas /
_ccompilado por Robert Lekachman ; [traducción de Roberto Reyes Mazzoni].
250 _a[1ª ed].
260 _aMéxico :
_bFondo de Cultura Económica,
_c[1967]
300 _a358 p. ;
_c21 cm.
650 0 4 _aKeynesianismo.
_914037
700 1 _aLeckachman, Robert.
_971078
700 1 _aReyes Mazzoni, Roberto.
_996591
852 _aES-MaACL
_jE-6820
_bR.91395
999 _c129178
_d129178